00701nam a2200181Ia 450000500170000000800410001702000180005808200200007610000330009624500520012925000120018126000320019330000140022565000430023994200070028299900190028995202110030820241206153305.0231221s9999 xx 000 0 und d a9780321278654 a005.1 BEC;1 R aBeck, Kent. Andres, Cynthia. 0aExtreme programming explained : bembrace change a2nd ed. c2005bAddison-WileyaBoston axxii, 189 aExtreme,programming,explained,bembrace cAR c232557d232557 r2024-01-26 00:00:00l0o005.1 BEC;1 RpAR736W28v2283.49w2024-01-26yAR102ddc40708ARCH00KBANG/2016/CRB/708aMLbMLcCLd2016-12-15eIntact Book House Pvt Ltdg44.99EARCHGUSDF70.5V12.6URupees